000 00553nam a22002057a 4500
001 BD-DhSAU 2596
003 BD-DhSAU
005 20150129131918.0
008 150129b1982 ii a|||| |||| 001 0 eng d
040 _aBD-DhSAU
082 _222
_a574.192
_bLEP
100 _aLehninger, Albert L.
245 _aPrinciples of biochemistry /
_cAlbert L. Lehninger
260 _aIndia :
_bCBS Publishers ,
_c1982.
300 _axxiv, 1011 p. :
_bill. ;
_c28 cm.
504 _ainclude index
590 _atamanna
650 _achemistry
650 _abiochemistry
942 _2ddc
_cBOOK
999 _c2596
_d2596